<?xml version="1.0" encoding="UTF-8"?>
<record
    xmlns:xsi="http://www.w3.org/2001/XMLSchema-instance"
    xsi:schemaLocation="http://www.loc.gov/MARC21/slim http://www.loc.gov/standards/marcxml/schema/MARC21slim.xsd"
    xmlns="http://www.loc.gov/MARC21/slim">

  <leader>006250000a22001690004500</leader>
  <datafield tag="090" ind1=" " ind2=" ">
    <subfield code="a">SERIADAS</subfield>
  </datafield>
  <datafield tag="245" ind1="1" ind2="0">
    <subfield code="a">Extracci&#xF3;n de taninos de frutos del morti&#xF1;o, Hesperomeles goudotiana Decne Killip. Rosaceae, para ser utilizado en la formulaci&#xF3;n de un jab&#xF3;n con propiedades astringentes</subfield>
  </datafield>
  <datafield tag="044" ind1=" " ind2=" ">
    <subfield code="a">Colombia</subfield>
  </datafield>
  <datafield tag="041" ind1="0" ind2=" ">
    <subfield code="a">Espa&#xF1;ol</subfield>
  </datafield>
  <datafield tag="690" ind1=" " ind2=" ">
    <subfield code="a">Aprovechamiento forestal</subfield>
    <subfield code="9">92854</subfield>
  </datafield>
  <datafield tag="690" ind1=" " ind2=" ">
    <subfield code="a">Bosque altoandino</subfield>
    <subfield code="9">100547</subfield>
  </datafield>
  <datafield tag="690" ind1=" " ind2=" ">
    <subfield code="a">Especies nativas</subfield>
    <subfield code="9">92420</subfield>
  </datafield>
  <datafield tag="690" ind1=" " ind2=" ">
    <subfield code="a">Especies forestales</subfield>
    <subfield code="9">92707</subfield>
  </datafield>
  <datafield tag="100" ind1="1" ind2=" ">
    <subfield code="a">Torres C&#xE1;rcamo, Mar&#xED;a Eugenia</subfield>
    <subfield code="9">72343</subfield>
  </datafield>
  <datafield tag="942" ind1=" " ind2=" ">
    <subfield code="c">ARTICULO</subfield>
  </datafield>
  <datafield tag="773" ind1="1" ind2=" ">
    <subfield code="t">P&#xE9;rez Arbelaezia</subfield>
    <subfield code="h">17</subfield>
    <subfield code="q">53-65</subfield>
    <subfield code="d">2006</subfield>
  </datafield>
  <datafield tag="999" ind1=" " ind2=" ">
    <subfield code="c">16354</subfield>
    <subfield code="d">16354</subfield>
  </datafield>
</record>
